00750cam a2200253 a 45000010008000000030004000080050017000120080041000290100017000700200015000870350020001020400018001220420014001400500022001540820015001762450090001912600037002813000034003185040051003526500014004036500030004176500027004477000022004741128646OSt20210112174528.0940110s1993 ilua b 001 0 eng d a 94103485  a080242595X a(OCoLC)28740173 aODacODadDLC alccopycat00aHQ734b.F226 199300a306.8522000aFamilies :bpractical advice from more than 50 experts /cedited by Jerry B. Jenkins. aChicago :bMoody Press,c[1993?] a320 p. :bcol. ill. ;c24 cm. aIncludes bibliographical references and index. 0aFamilies. 0aFamiliesxReligious life. 0aFamily life education.1 aJenkins, Jerry B.